000 01631pam a2200409 a 4500
001 9895335
003 OCoLC
005 20250118082330.0
008 830819t19841984nyua j b 001 0 eng
010 _a83017425 /AC
020 _a0671458116
_qlibrary binding
020 _a067149807X
_qpaperback
040 _aDLC
_beng
_cDLC
_dCLZ
050 0 _aQL737.C4
_bG235 1984
082 0 _a599.5
_219
092 _a599.5
_bG228, W
100 1 _aGardner, Robert,
_d1929-2017.
_0https://id.loc.gov/authorities/names/n79041925.
245 1 4 _aThe whale watchers' guide /
_cRobert Gardner ; illustrated by Don Sineti.
264 1 _aNew York :
_bJ. Messner,
_c[1984]
264 4 _cc1984.
300 _a170 pages :
_billustrations ;
_c19 x 24 cm.
336 _atext
_btxt
_2rdacontent.
337 _aunmediated
_bn
_2rdamedia.
338 _avolume
_bnc
_2rdacarrier.
385 _nage
_aChildren
_2lcdgt.
490 1 _aA Messner guide.
500 _aIncludes index.
504 _aBibliography: page 165.
520 _aDiscusses whales and whaling and explains how to tell one whale from another and how to watch them from land and sea.
650 0 _aWhales
_vJuvenile literature.
_0https://id.loc.gov/authorities/subjects/sh2008113466.
650 0 _aWildlife watching
_vJuvenile literature.
_0https://id.loc.gov/authorities/subjects/sh2010118567.
655 7 _aLiterature.
_2lcgft
_0https://id.loc.gov/authorities/genreForms/gf2014026415.
700 1 _aSineti, Don.
_0https://id.loc.gov/authorities/names/n83193185.
830 0 _aMessner guide.
_0https://id.loc.gov/authorities/names/n84712255.
907 _a.b138629158
942 _cBK
999 _c30350
_d30348